Myydyimmät suomalaiset yhtyeet Suomessa - Statistics

Yleistilastot
  • Tätä visaa on pelattu 197 kertaa
  • Keskiarvotulos 6 / 15
Vastaustilastot
Myynnit Yhtye % Oikein
1,524,729 Eppu Normaali
75%
895,600 Nightwish
69%
458,823 Popeda
68%
692,828
68%
505,580 Dingo
64%
473,652 HIM
63%
597,918 Hurriganes
41%
453,757 Leevi and the Leavings
34%
1,069,019 Matti ja Teppo
30%
341,094 Kolmas Nainen
27%
409,666 Nylon Beat
27%
372,967 Mamba
20%
470,340 Elonkerjuu
13%
807,307 Smurffit
11%
423,220 Fröbelin palikat
10%
Ehtoja vastaavia visoja ei löytynyt
Tulosjakauma
Jokaisen tuloksen saaneiden osuus
Persentiili vastausten määrän mukaan
Tuloshistoriasi
Et ole pelannut tätä visaa